Statistics for Background Star Wars Cantina Characters (Picture)

Click here to take the quiz!

General Stats

  • This quiz has been taken 17 times
  • The average score is 19 of 95

Answer Stats

Answer% Correct
Greedo
100%
Wuher
80%
Dr. Evazan/Cornelius Evazan
60%
Figrin D'an
60%
Ponda Baba
60%
Ackmena
40%
Arleil Schous
40%
Baniss Keeg/Chachi De Maal
40%
BoShek
40%
Brea Tonnika
40%
Dannik Jerriko
40%
Dice Ibegon
40%
Djas Puhr
40%
Elis Helrot
40%
Feltipern Trevagg
40%
Hem Dazon
40%
Kabe
40%
Kitik Keed'kak
40%
Labria
40%
Leesub Sirln
40%
M'iiyoom Onith
40%
Momaw Nadon
40%
Muftak
40%
Myo
40%
Nabrun Leids
40%
Pons Limbic
40%
Reegesk/Nevar Yalnal
40%
Rycar Ryjerd
40%
Takeel
40%
Bom Vindim
20%
Braconnor Bakiska
20%
Danz Borin
20%
Debnoli
20%
Doikk Nat's
20%
Ellors Madak/Ohwun De Maal
20%
Gela Yeens
20%
Het Nkik
20%
Hrchek Kal Fas
20%
Ickabel G'ont
20%
Jenny
20%
Ketwol
20%
Lak Sivrak
20%
Lirin Car'n
20%
Melas
20%
Nalan Cheel
20%
Neesh
20%
Sai'torr Kal Fas
20%
Senni Tonnika
20%
Sun'il Ei'de
20%
Swilla Corey
20%
Tech Mo'r
20%
Tedn Dahai
20%
Trinto Duaba
20%
Tzizvvt
20%
Wioslea
20%
Yerka Mig
20%
Ariq Joanson
0%
Atheloe
0%
Bludlow
0%
Boelo
0%
Breedo
0%
Bureaucrat
0%
Cantina Spacer
0%
Chall Bekan
0%
Cobb Sonbepal
0%
Corellian Man
0%
Damono Deomaley
0%
Davelynn Schmee/Ront Byrnloo
0%
Dratun
0%
Duros Man
0%
Eyvind
0%
Garouf Lafoe
0%
Hennet Kayn
0%
Jawa 2
0%
Lhojugg
0%
Merc Sunlet
0%
Moseep Binneed
0%
Ownellco
0%
Rodian 1
0%
Rodian 2
0%
Sandtrooper 1
0%
Sandtrooper 2
0%
Silver Suited Spaceman 1
0%
Silver Suited Spacemen 2
0%
Taws Khaa
0%
Thuku
0%
Unknown Man 1
0%
Unknown Man 2
0%
Unknown Man 3
0%
Unknown Man 4
0%
Unknown Man 5
0%
Unknown Man 6
0%
Unknown Woman 1
0%
Yamnoss
0%
Zutton
0%

Score Distribution

Percentile by Number Answered

Percent of People with Each Score

Your Score History

You have not taken this quiz